000 00571nam a22001697a 4500
003 OSt
005 20171010095524.0
008 120817t xxu||||| |||| 00| 0 eng d
040 _aMMSU
_cULS
100 _aAgullana, Martina R.
_912273
245 _aCorrelates of problem solving skills of public high school seniors
_cMartina R. Agullana
260 _c1998
300 _axviii, 134 leaves
_c28 cm.
500 _aThesis (MA Education-Math) -- Mariano Marcos State University-Graduate School, Laoag City
504 _aBibliography: leaves 102-109
942 _2ddc
_cTHEDIS
999 _c9771
_d9771